Jennifer Egan Bibliography - Statistics

General Stats
  • This quiz has been taken 3 times
    2 since last reset
  • The average score is 5 of 19
Answer Stats
Type Year Name % Correct
Novel 2010 A Visit from the Goon Squad
100%
Novel 2001 Look at Me
100%
Novel 1994 The Invisible Circus
100%
Novel 2017 Manhattan Beach
50%
Novel 2022 The Candy House
50%
Novel 2006 The Keep
50%
Short Story 2012 Black Box
0%
Short Story Collection 1993 Emerald City
0%
Short Story 1993 Emerald City
0%
Short Story 1993 Letter to Josephine
0%
Short Story 1993 One Piece
0%
Short Story 1993 Passing the Hat
0%
Short Story 1993 Puerto Vallarta
0%
Short Story 1993 Sacred Heart
0%
Short Story 1993 Sisters of the Moon
0%
Short Story 1989 Spanish Winter
0%
Short Story 1989 The Stylist
0%
Short Story 1993 The Watch Trick
0%
Short Story 1993 Why China?
0%
No matching quizzes found
Score Distribution
Percent of People with Each Score
Percentile by Number Answered
Your Score History
You have not taken this quiz since the last reset